Development statiscs and correlations: a comment on hicks and streeten
Сохранить в:
| Соавтор: | |
|---|---|
| Формат: | Текст |
| Опубликовано: |
Londres:
Naciones Unidas
|
| Метки: |
Добавить метку
Нет меток, Требуется 1-ая метка записи!
|
MARC
| LEADER | 00000 a a2200000 04500 | ||
|---|---|---|---|
| 001 | 24639 | ||
| 003 | |||
| 040 | |||
| 090 | |a 177100 | ||
| 110 | |a Naciones Unidas | ||
| 245 | |a Development statiscs and correlations: a comment on hicks and streeten | ||
| 260 | |a Londres: |b Naciones Unidas | ||
| 300 | |a 8 p. | ||
| 999 | |c 14641 |d 14641 | ||
